| 000 | 01311cam a22003252 4500 | ||
|---|---|---|---|
| 001 | 0000025522 | ||
| 005 | 20151217154552.0 | ||
| 008 | 151015s xx 000 0 eng d | ||
| 020 | _a0414023017 : | ||
| 040 |
_aKABU _cKABU |
||
| 100 | 1 |
_aWallace, Rebecca M. M. _@0000158695 |
|
| 245 | 1 | 0 |
_aInternational law / _cRebecca M. M. Wallaceb and Olga Martin-Ortega. |
| 250 | _a7th ed. | ||
| 260 |
_aLondon : _bSweet & Maxwell, _c2013. |
||
| 300 | _ali, 392 p. | ||
| 650 | 0 |
_aInternational law. _@0000158696 |
|
| 700 | 1 |
_aMartin-Ortega, Olga. _@0000179102 |
|
| 852 | 1 | _9p7500 KES | |
| 852 | 1 | _9p7500 KES | |
| 852 | 1 | _9p7500 KES | |
| 852 | 1 | _9p7500 KES | |
| 852 | 1 | _9p7500 KES | |
| 852 | 1 | _9p7500 KES | |
| 852 | 1 | _9p7500 KES | |
| 852 | 1 | _9p7500 KES | |
| 852 | 1 | _9p7500 KES | |
| 852 | 1 | _9p7500 KES | |
| 908 | _a151015 | ||
| 950 | _@1 | ||
| 999 |
_c11775 _d11775 |
||